Pac-12 College Football Teams - Statistics

General Stats
  • This quiz has been taken 8 times
  • The average score is 6 of 8
Answer Stats
School % Correct
Washington State
100%
Oregon State
86%
San Diego State
86%
Utah State
86%
Boise State
71%
Colorado State
71%
Fresno State
71%
Texas State
43%
No matching quizzes found
Score Distribution
Percent of People with Each Score
Percentile by Number Answered
Your Score History
You have not taken this quiz